O poetickom princípe v poviedkach I. A. Bunina Temné aleje

Bibliographic Details
Main Author: Kováčová, Marta, 1961- (Author)
Format: Article
Language:Slovak
ISBN:8080556210
Subjects:

MARC

LEADER 00000nab a2200000 a 4500
001 vtls010281612
003 SK-MaSNL
005 20260304032748.0
008 110527c2002 xo r m 000 00slo
015 |a SNBRA2011/06SVKPO 
038 |a SVKPO 
040 |a SVKPOCL  |b slo  |c SVKPOCL  |e AACR2 
041 0 |a slo 
044 |a xo  |c SK 
080 |a 82.0:929:821.161.1-3  |2 2001 
080 |a 82.09  |2 2001 
080 |a 821.161.1-3  |2 2001 
100 1 |a Kováčová, Marta,  |d 1961-  |4 aut  |9 193916 
245 1 0 |a O poetickom princípe v poviedkach I. A. Bunina Temné aleje  |c Marta Kováčová 
504 |a Bibliogr. odkazy 
546 |a Res. rus. 
600 1 7 |a Bunin, Ivan Aleksejevič,  |d 1870-1953  |t Temné aleje  |2 svkpocl  |9 140437 
650 0 7 |a ruská próza  |2 svkpocl  |9 1205 
650 0 7 |a poetika  |2 svkpocl  |9 26963 
650 0 7 |a teória literatúry  |2 svkpocl  |9 1238 
773 0 |t Slovanský romantizmus - poetika romantična : zborník príspevkov z medzinárodnej konferencie konanej 12.-13.9.2001  |d Banská Bystrica : Filologická fakulta Univerzity Mateja Bela, 2002  |g S. 65-69  |z 8080556210 
852 |a SVKPO  |b KIS3GCP 
958 |a SK 
958 |a NB 
958 |a LX 
958 |a RU 
958 |a SS 
999 |c 2644821  |d 2646751